• 首页
  • 本馆介绍
  • 公告通知
  • 最新文献
  • 馆藏检索
  • 电子资源
  • 读者导购
  • 参考咨询
  • 我的图书馆
  • 登录
  • 详细信息显示
  • 放入我的书架
  • 预约/预借图书
  • 作者相关作品
  • 分类相关作品
  • 丛书相关作品
  • 出版社相关作品

书目信息

  • 表格格式
  • 工作单格式
  • 卡片格式
题名:
计算机辅助电路分析
    
 
作者: 胡翔骏 编著
分册:  
出版信息: 北京   高等教育出版社  1998.8
页数: 111页
开本: 32开
丛书名:
单 册:
中图分类: TM133
科图分类:
主题词: 电路理论
电子资源:
ISBN: 7-04-006855-9
000 00614nam0 2200193 45
001 0012041497
005 20031219104047.8
010    @a7-04-006855-9@dCNY22.00
100    @a20001204d1998 km y0chiy0120 ea
101 0  @achi
105    @a z 000yy
200 1  @a计算机辅助电路分析@AJi Suan Ji Fu Zhu Dian Lu Fen Xi@f胡翔骏编著@FHu Xiang Jun Bian Zhu
210    @a北京@c高等教育出版社@a海德堡@c施普林格出版社@d1998.8
215    @a111页@c图@d32开@e1软盘《电路分析CAI-演示.解答系统》
606 0  @a电路理论
690    @aTM133@v1
701  0 @a胡翔骏@4编著
801    @aCN@bTSTC@c20001204
905    @b293581@dTM133@e102@f1
    
    计算机辅助电路分析/胡翔骏编著.-北京:高等教育出版社;海德堡:施普林格出版社,1998.8
    111页:图;32开+1软盘《电路分析CAI-演示.解答系统》
    
    
    ISBN 7-04-006855-9:CNY22.00
    
●
相关链接 在E读中查询图书 在五车中查询图书 在当当中查询图书 在豆瓣中查询图书


正题名:计算机辅助电路分析     索取号:TM133/102         预约/预借

序号 登录号 条形码 馆藏地/架位号 状态 备注
1 0293581   002935818   第二样本阅览室/ [索取号:TM133/102] 在馆    
唐山师范学院图书馆 欢迎您!
大连网信软件有限公司© 版权所有